000 01193nam a22002897a 4500
003 OSt
005 20260310010605.0
008 260305b |||||||| |||| 00| 0 eng d
040 _bEnglish.
_cCvSU-CCAT Campus Library.
_erda.
050 _aUM HD 62.7
_bW73 2024
245 _aWrapp'n delights : enterprise development project /
_cBryanne Kylie C. Cosme [and three others].
260 _aRosario, Cavite :
_bCavite State University-CCAT Campus,
_c2024.
300 _axvi, 94 leaves :
_billustrations ;
_c28 cm
500 _aEnterprise Development Project (BSBA) -- Cavite State University-CCAT Campus, 2024.
504 _aIncludes bibliographical references and appendices.
546 _aIn English text
650 0 _aEntrepreneurship
_9136
650 _aSmall Business -- Management
_98827
650 _aFood service -- Marketing
_918816
650 _aSocial media in Marketing
_918817
650 _aBusiness planning
_9154
700 _aOquindo, John Elbert M., author.
_918818
700 _aPlomos, Fatima Mae V., author.
_918819
700 _aSantos, Rhea Lee A., author.
_918820
942 _2lcc
_cT/M/D
_hHD 62.7 W73 2024
_kUM
999 _c4777
_d4777